Nutrition Science (Record no. 12372)

MARC details
000 -LEADER
fixed length control field 00407nam a22001697a 4500
003 - CONTROL NUMBER IDENTIFIER
control field OSt
008 - FIXED-LENGTH DATA ELEMENTS--GENERAL INFORMATION
fixed length control field 240401b |||||||| |||| 00| 0 eng d
020 ## - INTERNATIONAL STANDARD BOOK NUMBER
International Standard Book Number 9789389802894
082 ## - DEWEY DECIMAL CLASSIFICATION NUMBER
Classification number 572.4 SRN
100 ## - MAIN ENTRY--PERSONAL NAME
Personal name SRILAKSHMI, B.
245 ## - TITLE STATEMENT
Title Nutrition Science
250 ## - EDITION STATEMENT
Edition statement 8th. ed.
260 ## - PUBLICATION, DISTRIBUTION, ETC. (IMPRINT)
Place of publication, distribution, etc New Delhi
Name of publisher, distributor, etc New Age International Pvt. Ltd.
Date of publication, distribution, etc 2024
300 ## - PHYSICAL DESCRIPTION
Extent 513 p.
650 ## - SUBJECT ADDED ENTRY--TOPICAL TERM
Topical term or geographic name as entry element B. FAD.
942 ## - ADDED ENTRY ELEMENTS (KOHA)
Source of classification or shelving scheme Dewey Decimal Classification
Koha item type Text Books
Holdings
Withdrawn status Lost status Source of classification or shelving scheme Damaged status Not for loan Collection code Home library Current library Date acquired Source of acquisition Currency Cost, normal purchase price Bill Number Total Checkouts Full call number Acc. no. / Barcode Date last seen Actual Cost, discounted price Bill Date Koha item type Date last borrowed
    Dewey Decimal Classification     Bachelor of Fashion and Apparel Design PIET NCR College Library PIET NCR College Library 23/03/2024 Zafaa Books & Distributors In Rupees 599.00 ZBD0458   572.4 SRN N3576 01/04/2024 407.32 23/03/2024 Reference Books  
    Dewey Decimal Classification     Bachelor of Fashion and Apparel Design PIET NCR College Library PIET NCR College Library 23/03/2024 Zafaa Books & Distributors In Rupees 599.00 ZBD0458 3 572.4 SRN N3577 16/05/2025 407.32 23/03/2024 Text Books 06/05/2025
    Dewey Decimal Classification     Bachelor of Fashion and Apparel Design PIET NCR College Library PIET NCR College Library 23/03/2024 Zafaa Books & Distributors In Rupees 599.00 ZBD0458   572.4 SRN N3578 01/04/2024 407.32 23/03/2024 Text Books  
    Dewey Decimal Classification     Bachelor of Fashion and Apparel Design PIET NCR College Library PIET NCR College Library 23/03/2024 Zafaa Books & Distributors In Rupees 599.00 ZBD0458   572.4 SRN N3579 01/04/2024 407.32 23/03/2024 Text Books  
    Dewey Decimal Classification     Bachelor of Fashion and Apparel Design PIET NCR College Library PIET NCR College Library 23/03/2024 Zafaa Books & Distributors In Rupees 599.00 ZBD0458   572.4 SRN N3580 01/04/2024 407.32 23/03/2024 Text Books  

Design & Developed by: PIET Central Library
R70 Miles Stone Pattikalyana Samalkha Panipat 132102
mail ID :- [email protected], Phone No:- 0180-2569700 Ex.216